000
00268nam a22001217a 4500
008
170221b xxu||||| |||| 00| 0 alb d
041
_a
alb
080
_a
615
100
_a
5
101
_a
SHF
245
_a
KLASIFIKIMI NDERKOMBTAR I BARNAVE
_c
GASHI, Z
942
_2
udc
_c
BK
999
_c
5938
_d
5938